College Quizbowl Stats
College Quizbowl Stats
Circuits
Seasons
Sets
Records
Detailed Stats
About
Loading...
2024 ACF Fall at Rutgers
Tossups
Bonuses
Players
Teams
Categories (Tossup)
Categories (Bonus)
Elijah S
Columbia A
Categories
Category
Powers
Gets
Negs
BBs
Points
Earliest Buzz
Avg. Buzz
First Buzzes
Top 3 Buzzes
BPA
PVF
Fine Arts - Classical Music
0
1
0
0
10
77
77.00
0
0
0.00
0.00
History - American
0
1
0
0
10
32
32.00
0
1
0.00
0.00
History - Other
0
1
0
0
10
17
17.00
1
1
0.00
0.00
Philosophy
0
1
0
0
10
77
77.00
0
1
0.00
0.00
Buzzes
Category
Answer
Value
Buzz Position
History - Other
Turkey
10
17
History - American
Mormons
10
32
Fine Arts - Classical Music
Dmitri Shostakovich
10
77
Philosophy
John Locke
10
77
Previous
1
Next